| 000 | 00328nam a2200121Ia 4500 | ||
|---|---|---|---|
| 008 | 210430s9999 xx 000 0 und d | ||
| 082 | _a909 N395 T | ||
| 100 |
_aJawaharlal Nehru _954049 |
||
| 245 |
_aTareekh-e-Alam par Aik Nazar _cJawaharlal Nehru |
||
| 260 |
_aLahore _bTakhleeqaat _c2004 |
||
| 300 | _a624p. | ||
| 942 |
_cBK _2ddc |
||
| 999 |
_c564503 _d564503 |
||